In the Shade of The Qur'an: Fi-Zhilal al-Qur'an (Record no. 21065)

MARC details
000 -LEADER
fixed length control field 00324nam a22001337a 4500
020 ## - INTERNATIONAL STANDARD BOOK NUMBER
ISBN 81-7231-255-5
082 ## - DEWEY DECIMAL CLASSIFICATION NUMBER
Classification number 297.12207 QUT
100 ## - MAIN ENTRY--AUTHOR NAME
Author name Qutb, Sayyed
245 ## - TITLE STATEMENT
Title In the Shade of The Qur'an: Fi-Zhilal al-Qur'an
260 ## - PUBLICATION, DISTRIBUTION, ETC. (IMPRINT)
Place of publication New Delhi
Name of publisher Islamic Book service
Year of publication 2006
300 ## - PHYSICAL DESCRIPTION
Number of Pages 166
650 ## - SUBJECT ADDED ENTRY--TOPICAL TERM
Topical Term Qur'an
942 ## - ADDED ENTRY ELEMENTS (KOHA)
Koha item type Books
Holdings
Home library Current library Shelving location Date acquired Source of acquisition Full call number Accession Number Koha item type
Henry Martyn Institute Library Henry Martyn Institute Library General stacks 12/11/2014 Islamic Book Service 297.12207 QUT 24765 Books
                   Copyright © 2026 | Henry Martyn Institute | Hyderabad | TS-500052 | INDIA | Implemented by hmi.edu.in
Hit-Count:

Powered by Koha